000 00455pab a2200157 454500
008 180718b2018 xxu||||| |||| 00| 0 eng d
100 _aThames, Frank C.
245 _aThe electoral system and women's legislative underrepresentation in post-communist Ukraine
260 _c2018
300 _ap.251-269.
362 _aJan
650 _aWomen in politics - Ukraine
650 _aElectoral systems
773 _aComparative Politics
909 _a117357
999 _c117351
_d117351